Текст томруулах:    
College accounting (Бичлэгийн дугаар. 145970)
000 -УДИРДЛАГА
Удирдлага 00927nam a22002777a 4500
003 - ХЯНАЛТЫН ТОО ТОДОРХОЙЛОГЧ
Код MN-UlNUM
005 - БИЧИЛТ ХИЙСЭН ОГНОО
Тухайн бичилтийг бичсэн засварласан сүүлийн огноо 20251218144409.0
008 - ЕРӨНХИЙ МЭДЭЭЛЭЛ
Ерөнхий мэдээлэл 251218s1989 maua|||| |||| 001 0 eng |
020 ## - ISBN
ISBN 0395369193
040 ## - БИЧЛЭГ ҮҮСГЭГЧ БАЙГУУЛЛАГА
Бичлэг үүсгэгч номын сангийн код МУИС-ийн номын сан
084 ## - ББК АНГИЛАЛ
Нэмэлт тусгалт Бусад
ББК ангилал 65.290-2
Зохиогчийн гурван тэмдэгт D 77
Мэдлэгийн ялгаа 65 - Эдийн засаг
100 1# - ЗОХИОГЧ
Зохиогчийн нэр McQuaig, Douglas J.
245 10 - ҮНДСЭН ГАРЧИГ
Номын нэр College accounting
Бага гарчгийн мэдээ Douglas J. McQuaig.
250 ## - ДАХИН ХЭВЛЭЛТ
Дахин гаралтын дугаар 4th ed. [chapters] 1-29.
260 ## - ГАРАЛТЫН МЭДЭЭ
Хэвлэгдсэн газар Boston :
Хэвлэлийн газар Houghton Mifflin Co.,
Хэвлэгдсэн он c1989.
300 ## - МАТЕРИАЛЫН ТОДОРХОЙЛОЛТ
хуудасны тоо xxiii, 1019, 13 p.:
Бусад тоон мэдээлэл ill. ;
Хэмжээ 26 cm.
500 ## - Тайлбар
Дансны дугаар БС 4626
546 ## - ХЭЛНИЙ ТУХАЙ МЭДЭЭ
Хэл Англи хэл дээр,
653 ## - Түлхүүр үг
Түлхүүр үг accounting
740 ## - НОМЫН ГАРЧИГ
Гарчиг Analyzing Business Transactions: Asset, Liability, and Owner's Equity Accounts
740 ## - НОМЫН ГАРЧИГ
Гарчиг Analyzing Business Transactions: Revenue and Expense Accounts
740 ## - НОМЫН ГАРЧИГ
Гарчиг Recording Business Transactions in Account Form; The trial Balance
740 ## - НОМЫН ГАРЧИГ
Гарчиг The General Journal and the General Ledger
942 ## - ЭЛЕМЕНТИЙН ТӨРӨЛ
Зүйлийн төрөл Ном